000 01132nmm a2200373 a 4500
003 AR-BaBNM
005 20251128210301.0
008 289019s1997 ||||||||||||||000 | spa||
020 _a85-16-01762-1
040 _cAR-BaBNM
100 1 _aCondemarín, Mabel
245 1 0 _aOficina de linguagem
_bmódulos para desenvolver a linguagem oral e escrita
260 _aSan Pablo
_bModerna
_c1997
300 0 _a223 p.
_bil., tablas
504 _aContiene bibliografía al final de cada capítulo
650 4 _aLENGUAJE
650 4 _aLECTURA
650 4 _aENSENANZA DE LA LECTURA
650 4 _aMETODOS DE ENSENANZA
650 4 _aPROCESO DE LECTURA
650 4 _aDIFICULTAD EN LA LECTURA
650 4 _aINICIACION EN LA LECTURA
650 4 _aMEJORA DE LA LECTURA
650 4 _aENSENANZA DE LA ESCRITURA
653 _aENSENANZA DE LA LENGUA
653 _aEDUCACION INICIAL
653 _aEDUCACION PRIMARIA
700 1 _aGaldames, Viviana
700 1 _aMedina, Alejandra
700 1 _aPinto Michael, Marylene
_etraductor
700 1 _aLímoli Paim Pamplona, Rosane
_ecolaborador
942 _cBK
998 _cRaquel
999 _c14783
_d14783